Экология и безопасность в техносфере: современные проблемы и пути решения: сборник трудов Всероссийской научно-практической конференции молодых ученых, аспирантов и студентов, 22-24 ноября 2018 г., г. Юрга

Dettagli Bibliografici
Enti autori: Национальный исследовательский Томский политехнический университет (ТПУ) Юргинский технологический институт (ЮТИ), Экология и безопасность в техносфере: современные проблемы и пути решения
Altri autori: Чинахов Д. А. Дмитрий Анатольевич (редактор)
Riassunto:В сборнике представлены материалы по современным проблемам экологической и техногенной безопасности, технологий переработки отходов, информационно-компьютерных технологий в решении задач экологии и БЖД, а также современных техно­логий ликвидации ЧС и технического обеспечения аварийно-спасательных работ. Содер­жатся результаты теоретических исследований и практической реализации научно-исследовательских работ. Предназначен для преподавателей, научных сотрудников, аспирантов и студентов, специализирующихся по направлению "Техносферная безопасность".
Lingua:russo
Pubblicazione: Томск, Изд-во ТПУ, 2018
Soggetti:
Natura: MixedMaterials Libro
KOHA link:https://koha.lib.tpu.ru/cgi-bin/koha/opac-detail.pl?biblionumber=342485

MARC

LEADER 00000nam0a2200000 4500
001 342485
005 20231102005446.0
010 |a 9785438708391 
035 |a (RuTPU)RU\TPU\book\371564 
035 |a RU\TPU\book\352826 
090 |a 342485 
100 |a 20190306d2018 k y0rusy50 ca 
101 0 |a rus 
102 |a RU 
105 |a a z 101zy 
200 1 |a Экология и безопасность в техносфере: современные проблемы и пути решения  |e сборник трудов Всероссийской научно-практической конференции молодых ученых, аспирантов и студентов, 22-24 ноября 2018 г., г. Юрга  |f Национальный исследовательский Томский политехнический университет (ТПУ), Юргинский технологический институт (ЮТИ); под ред. Д. А. Чинахова 
210 |a Томск  |c Изд-во ТПУ  |d 2018 
215 |a 419 с.  |c ил. 
320 |a Библиография в конце докладов 
330 |a В сборнике представлены материалы по современным проблемам экологической и техногенной безопасности, технологий переработки отходов, информационно-компьютерных технологий в решении задач экологии и БЖД, а также современных техно­логий ликвидации ЧС и технического обеспечения аварийно-спасательных работ. Содер­жатся результаты теоретических исследований и практической реализации научно-исследовательских работ. Предназначен для преподавателей, научных сотрудников, аспирантов и студентов, специализирующихся по направлению "Техносферная безопасность". 
606 1 |a Экологическая безопасность  |2 stltpush  |3 (RuTPU)RU\TPU\subj\51477  |9 70070 
610 1 |a экология 
610 1 |a техносфера 
610 1 |a техногенная безопасность 
610 1 |a отходы 
610 1 |a переработка 
610 1 |a информационные технологии 
610 1 |a чрезвычайные ситуации 
610 1 |a аварийно-спасательные работы 
610 1 |a конференции 
610 1 |a материалы конференций 
610 1 |a труды учёных ТПУ 
675 |a 504.06(063)  |v 3 
702 1 |a Чинахов  |b Д. А.  |c специалист в области сварочного производства  |c доцент Юргинского технологического института (филиала) Томского политехнического университета  |f 1973-  |g Дмитрий Анатольевич  |2 stltpush  |3 (RuTPU)RU\TPU\pers\24212  |4 340  |9 10706 
712 0 2 |a Национальный исследовательский Томский политехнический университет (ТПУ)  |b Юргинский технологический институт (ЮТИ)  |c (2009- )  |h 349  |2 stltpush  |3 (RuTPU)RU\TPU\col\15903 
712 1 2 |a Экология и безопасность в техносфере: современные проблемы и пути решения  |c конференция  |e Юрга  |f 2018 
801 1 |a RU  |b 63413507  |c 20150324 
801 2 |a RU  |b 63413507  |c 20190415  |g RCR 
942 |c BK